000
00293nam a22001217a 4500
008
260429b |||||||| |||| 00| 0 eng d
082
_a
001367
100
_a
Shastri, Jagadeeshlal
245
_a
Swapnavasavadattam
260
_a
Delhi
_b
Motilal Banarasidass
_c
2007
300
_a
143p
942
_2
ddc
999
_c
1365
_d
1365